00686nam a22002057a 4500003001100000005001700011008004100028020001800069040003900087041000800126082001600134245004800150260005300198300006400251650002700315650002500342942000700367952009100374999001500465LK-CoMWRAF20240527154101.0240309b2007 |||||||| |||| 00| 0 eng d a9780979142604 aLK-CoMWRAFdLK-CoMWRAFeLK-CoMWRAF aeng a294.55bGLO aGlobal overview of Sri Sathya Sai education aArcadia:bSri Sathya Sai world foundation,c2007 axvi, 196 p. : col. ill., col. maps ; 31 cm.bIndex included a Education, Humanistic aNon-formal education cBK 00104070aMAINbMAINd2024-03-09l0o294.55 GLOpRAF5185r2024-03-09w2024-03-09yBK c4845d4845